[Event "World Blitz 2023"]
[Site "Samarkand UZB"]
[Date "2023.12.30"]
[Round "19.18"]
[White "Dreev, Aleksey"]
[Black "Vrolijk, Liam"]
[Result "1-0"]
[WhiteElo "2599"]
[BlackElo "2487"]
[EventDate "2023.12.29"]

1. d4 Nf6 2. Nf3 d5 3. c4 e6 4. Bg5 Bb4+ 5. Nc3 h6 6. Bxf6 Qxf6 7. Qa4+ Nc6
8. e3 O-O 9. cxd5 exd5 10. Be2 Rd8 11. Rc1 Bf8 12. O-O Ne7 13. b4 a6 14.
Qb3 Be6 15. Na4 c6 16. Nc5 Rab8 17. a4 Nf5 18. Nxe6 Qxe6 19. b5 axb5 20.
axb5 Rbc8 21. bxc6 bxc6 22. Qb6 c5 23. dxc5 Bxc5 24. Qxe6 fxe6 25. Rb1 Rb8
26. Bd3 Ne7 27. Rbc1 Bd6 28. Nd4 Kf7 29. Nb5 Be5 30. g3 Rbc8 31. Rb1 Bf6
32. Rfd1 Nc6 33. Rdc1 Ke7 34. f4 Na5 35. Kf2 e5 36. Bf5 Rxc1 37. Rxc1 Nc4
38. Bd3 exf4 39. exf4 Rc8 40. Re1+ Kf8 41. Bg6 Be7 42. Kg2 Rc6 43. f5 Rc8
44. Nd4 Bf6 45. Nb5 Ne5 46. Bh5 Ke7 47. Nd4 Kd6 48. Ne6 Rc2+ 49. Kh3 Nc4
50. Nf4 Ne5 51. Rd1 Rc5 52. Ra1 Bg5 53. Ra7 Bxf4 54. gxf4 Nd7 55. Be8 Nf6
56. Ra6+ Ke7 57. Bg6 Rc3+ 58. Kg2 Rc4 59. Ra7+ Kf8 60. Rf7+ Kg8 61. Rb7 Kf8
62. Kf3 Rc3+ 63. Ke2 Rc2+ 64. Kd3 Rxh2 65. Rf7+ Kg8 66. Ra7 Kf8 67. Kd4 Re2
68. Ra8+ Ke7 69. Ra7+ Kd6 70. Ra6+ Kc7 71. Ra7+ Kb6 72. Rxg7 Re4+ 73. Kd3
Rxf4 74. Rf7 Ng4 75. Rh7 Kc5 76. Ra7 Kd6 77. Ra6+ Kc5 78. Bh7 h5 79. Ra5+
Kb6 80. Rxd5 Nf6 81. Rd6+ 1-0

[Event "World Blitz 2023"]
[Site "Samarkand UZB"]
[Date "2023.12.30"]
[Round "19.19"]
[White "Mitrabha, Guha"]
[Black "Piorun, Kacper"]
[Result "1-0"]
[WhiteElo "2512"]
[BlackElo "2589"]
[EventDate "2023.12.29"]

1. Nf3 d5 2. c4 c6 3. cxd5 cxd5 4. d4 Nf6 5. Nc3 g6 6. Bf4 Nh5 7. Bd2 Nc6
8. Rc1 Bg7 9. e3 O-O 10. Be2 Nf6 11. O-O Ne4 12. Be1 Bf5 13. Qb3 Na5 14.
Qa3 Nc6 15. Nh4 Be6 16. Bd3 f5 17. Nf3 Kh8 18. Na4 Bg8 19. Nc5 Nxc5 20.
Rxc5 f4 21. Bd2 fxe3 22. fxe3 e5 23. dxe5 Nxe5 24. Nxe5 Rxf1+ 25. Bxf1 Bxe5
26. Bc3 Qf6 27. Bxe5 Qxe5 28. Qc3 Qxc3 29. Rxc3 Re8 30. Kf2 Re7 31. Be2 Kg7
32. Bf3 Kf6 33. Rc8 Bf7 34. a3 Be6 35. Rc5 b6 36. Rc1 Ke5 37. Kg3 Bf5 38.
Kh4 h6 39. Kg3 Rd7 40. Rc8 d4 41. Re8+ Kf6 42. e4 Be6 43. Rxe6+ Kxe6 44.
Bg4+ Ke7 45. Bxd7 Kxd7 46. Kf3 Kd6 47. Ke2 a5 48. Kd3 Kc5 49. a4 Kb4 50.
Kxd4 Kxa4 51. e5 Kb5 52. Kd5 1-0

[Event "World Blitz 2023"]
[Site "Samarkand UZB"]
[Date "2023.12.30"]
[Round "19.20"]
[White "Aditya, Mittal"]
[Black "Sychev, Klementy"]
[Result "0-1"]
[WhiteElo "2425"]
[BlackElo "2583"]
[EventDate "2023.12.29"]

1. e4 e5 2. Nf3 Nc6 3. Bb5 a6 4. Ba4 Nge7 5. c3 f6 6. d4 d5 7. exd5 Qxd5 8.
O-O Bg4 9. Nbd2 exd4 10. cxd4 O-O-O 11. Bb3 Qh5 12. h3 Bd7 13. Ne4 Qg6 14.
Nc5 Kb8 15. Nh4 Qe8 16. Be3 g5 17. Nf3 g4 18. Nh4 gxh3 19. g3 Ng6 20. Qh5
Bxc5 21. dxc5 Nxh4 22. Qxh4 Ne5 23. Bd5 Bc6 24. Bxc6 Qxc6 25. Qxh3 h5 26.
f4 Ng4 27. Rae1 Rhe8 28. Bf2 Rxe1 29. Rxe1 Rd2 30. Rf1 Qf3 31. Be1 Qe3+ 32.
Kh1 Qe4+ 33. Kg1 Re2 34. Bf2 c6 35. Qg2 Qd3 36. Qh3 Ka7 37. Qxh5 Nxf2 38.
Qh4 Ne4 39. Qh8 Qe3+ 40. Kh1 Nxg3# 0-1

[Event "World Blitz 2023"]
[Site "Samarkand UZB"]
[Date "2023.12.30"]
[Round "19.21"]
[White "Terry, Renato"]
[Black "Hong, Andrew"]
[Result "1-0"]
[WhiteElo "2578"]
[BlackElo "2460"]
[EventDate "2023.12.29"]

1. d4 d5 2. Bg5 f6 3. Bc1 c5 4. dxc5 e5 5. e4 dxe4 6. Qxd8+ Kxd8 7. Nc3 Bf5
8. Be3 Nd7 9. O-O-O Rc8 10. b4 b6 11. Ba6 Rc7 12. cxb6 axb6 13. Bxb6 Bxb4
14. Bxc7+ Ke8 15. Nb5 Ne7 16. Nd6+ Bxd6 17. Bxd6 Nb6 18. Bc5 Nbd5 19. Bb5+
Kf7 20. Bc4 Be6 21. Bxe7 Nxe7 22. Bxe6+ Kxe6 23. Ne2 Nd5 24. Rd2 Ra8 25.
Rhd1 Nb4 26. Nc3 Kf5 27. Rd7 g5 28. Rb7 Nc6 29. Rxh7 Nd4 30. Rd7 Rc8 31.
R7xd4 exd4 32. Nb5 Ra8 33. Nxd4+ Ke5 34. Kb2 f5 35. Nc6+ Ke6 36. c4 Rc8 37.
Nd4+ Ke5 38. Kc3 Ra8 39. Ra1 f4 40. a4 e3 41. fxe3 fxe3 42. a5 Ke4 43. a6
Ra7 44. Nb5 Ra8 45. a7 e2 46. Kd2 Re8 47. Nd6+ Kf4 48. Nxe8 1-0

[Event "World Blitz 2023"]
[Site "Samarkand UZB"]
[Date "2023.12.30"]
[Round "19.22"]
[White "Vakhidov, Jakhongir"]
[Black "Pranesh, M"]
[Result "1-0"]
[WhiteElo "2574"]
[BlackElo "2481"]
[EventDate "2023.12.29"]

1. c4 e6 2. Nc3 d5 3. d4 Nf6 4. cxd5 exd5 5. Bg5 Bb4 6. Qb3 c5 7. dxc5 Nc6
8. O-O-O Qa5 9. Bxf6 gxf6 10. e3 Be6 11. Nb5 O-O 12. Nf3 a6 13. Nbd4 Bd7
14. Qxd5 Rad8 15. Bd3 f5 16. Nxf5 Bc8 17. Nh6+ Kh8 18. Nxf7+ Rxf7 19. Qxf7
Qxc5+ 20. Kb1 Rxd3 21. Rxd3 Bf5 22. e4 Bg6 23. Qf6+ Kg8 24. Ng5 Ne5 25.
Rd8+ 1-0

[Event "World Blitz 2023"]
[Site "Samarkand UZB"]
[Date "2023.12.30"]
[Round "19.23"]
[White "Tsaruk, Maksim"]
[Black "Sjugirov, Sanan"]
[Result "0-1"]
[WhiteElo "2378"]
[BlackElo "2569"]
[EventDate "2023.12.29"]

1. e4 c5 2. Nf3 d6 3. Bb5+ Bd7 4. Bxd7+ Qxd7 5. O-O Nf6 6. Qe2 Nc6 7. c3 e6
8. d4 d5 9. exd5 Qxd5 10. Be3 cxd4 11. Nxd4 Be7 12. Nxc6 Qxc6 13. Nd2 O-O
14. Bd4 Rfd8 15. a4 a6 16. Nc4 Nd7 17. Rfd1 Rac8 18. Qg4 Bf8 19. Ne5 Nxe5
20. Bxe5 Rd5 21. Rxd5 Qxd5 22. Qd4 Rc5 23. f4 Qb3 24. Qd8 Rd5 25. Qc8 Qxb2
26. Rf1 Qb6+ 27. Kh1 Rd8 28. Qc4 Qc5 29. Qe4 Qd5 30. Qe2 Qd3 31. Qe1 Qc4
32. Rf3 Qxa4 33. Bd4 Qb5 34. h4 a5 35. Rg3 a4 36. Rg5 Rd5 37. Rg3 a3 38.
Qa1 Qb2 0-1

[Event "World Blitz 2023"]
[Site "Samarkand UZB"]
[Date "2023.12.30"]
[Round "19.24"]
[White "Vasquez Schroeder, Rodrigo"]
[Black "Kovalev, Vladislav"]
[Result "1/2-1/2"]
[WhiteElo "2582"]
[BlackElo "2539"]
[EventDate "2023.12.29"]

1. e4 e5 2. Nf3 Nc6 3. Bb5 a6 4. Ba4 Nf6 5. O-O Be7 6. Re1 b5 7. Bb3 d6 8.
c3 O-O 9. h3 Be6 10. d4 Bxb3 11. Qxb3 Qd7 12. Qd1 Rfe8 13. Nbd2 Bf8 14. d5
Ne7 15. b3 c6 16. c4 Rec8 17. Nf1 cxd5 18. cxd5 Ng6 19. Bg5 Be7 20. Ng3 h6
21. Bd2 Bd8 22. Be3 Rab8 23. Qd2 Kh7 24. Rac1 Rxc1 25. Rxc1 Rc8 26. Rc2 Qb7
27. Qc1 Ne7 28. Ne1 Rxc2 29. Qxc2 Bb6 30. Bxb6 Qxb6 31. Nf3 g6 32. Kf1 Kg7
33. Ke2 Nd7 34. Nd2 h5 35. Ngf1 Nf6 36. Ne3 Qa7 37. b4 a5 38. a3 axb4 39.
axb4 h4 40. Nf3 Qa3 41. Nxh4 Qxb4 42. Kf3 Qe1 43. Qc7 Neg8 44. Qxd6 Qc3 45.
g4 Qd3 46. Kg2 Qxe4+ 47. Nf3 b4 48. Qxe5 Qxe5 49. Nxe5 b3 50. N5c4 Ne7 51.
d6 Nc8 52. Nd1 Kf8 53. g5 Nd7 54. Kf3 f6 55. h4 Kf7 56. gxf6 Kxf6 57. Ke4
Ke6 58. Kd4 Nxd6 59. Nxd6 Kxd6 60. Kc3 Nc5 61. Ne3 Ke5 62. Nc4+ Kf4 63. Kb2
Kg4 64. Ne5+ Kh5 65. Kc3 Kh6 66. Kb2 Kg7 67. Kc3 Kf6 68. f4 Kf5 69. Kb2 Kf6
70. Kc3 Kg7 71. Kb2 Kh6 72. Kc3 Kh7 73. Kb2 Kg7 74. Kc3 Kf6 75. Nxg6
1/2-1/2

[Event "World Blitz 2023"]
[Site "Samarkand UZB"]
[Date "2023.12.30"]
[Round "19.25"]
[White "Smirnov, Anton"]
[Black "Kezin, Roman"]
[Result "1-0"]
[WhiteElo "2647"]
[BlackElo "2492"]
[EventDate "2023.12.29"]

1. e4 c5 2. Nf3 e6 3. d4 cxd4 4. Nxd4 Nc6 5. Nb5 d6 6. c4 a6 7. N5c3 Nf6 8.
Be2 Be7 9. O-O O-O 10. Be3 b6 11. Qd2 Bb7 12. Rd1 Ne5 13. f3 Rc8 14. Na3
Qc7 15. Rac1 Rfe8 16. Bf1 h5 17. Na4 Ned7 18. Qf2 Nc5 19. Nc3 Qb8 20. Nc2
h4 21. Nd4 Ncd7 22. b3 Ba8 23. Be2 h3 24. g3 Ne5 25. Qf1 d5 26. cxd5 Ba3
27. dxe6 Bxc1 28. exf7+ Nxf7 29. Rxc1 b5 30. b4 Qd6 1-0

[Event "World Blitz 2023"]
[Site "Samarkand UZB"]
[Date "2023.12.30"]
[Round "19.26"]
[White "Petrov, Nikita"]
[Black "Fressinet, Laurent"]
[Result "0-1"]
[WhiteElo "2521"]
[BlackElo "2636"]
[EventDate "2023.12.29"]

1. d4 Nf6 2. Bg5 c5 3. Bxf6 gxf6 4. d5 f5 5. Nd2 Bg7 6. c3 d6 7. e3 Nd7 8.
Ne2 Nf6 9. Nf4 O-O 10. Bc4 b5 11. Bxb5 Rb8 12. Bd3 Rxb2 13. O-O e5 14. dxe6
fxe6 15. Rb1 Rxb1 16. Qxb1 e5 17. Bc4+ d5 18. Nxd5 Nxd5 19. Qb3 Be6 20. e4
fxe4 21. Nxe4 Kh8 22. Rd1 Qh4 23. Bxd5 Bf5 24. Ng3 Bg6 25. Qc4 e4 26. Bxe4
Qf4 27. Qe2 Bxc3 28. Bxg6 hxg6 29. Ne4 Bd4 30. g3 Qf5 31. Kg2 Re8 32. f3
Rb8 33. Rd2 Kg7 34. Qd3 Rb4 35. Qa3 Rb7 36. Nd6 Qg5 37. Qd3 Rb1 38. Rd1
Rb2+ 39. Kh1 Qh5 40. h4 Qe5 41. Ne4 Qf5 42. Nf2 Qe5 43. f4 Qd5+ 44. Qe4 Qf7
45. Ng4 Rxa2 46. Rxd4 cxd4 47. Qxd4+ Kf8 48. Qh8+ Ke7 49. Qe5+ Qe6 50. Qc7+
Kf8 51. Qd8+ Qe8 52. Qf6+ Kg8 53. Qe5 Qxe5 54. Nxe5 Rb2 55. Nc4 Rb4 56. Na5
Rb5 57. Nc6 a5 58. Kg2 a4 59. Nd4 Rb2+ 60. Kf3 a3 0-1

[Event "World Blitz 2023"]
[Site "Samarkand UZB"]
[Date "2023.12.30"]
[Round "19.27"]
[White "Madaminov, Mukhiddin"]
[Black "Quparadze, Giga"]
[Result "1-0"]
[WhiteElo "2460"]
[BlackElo "2617"]
[EventDate "2023.12.29"]

1. e4 c5 2. Nf3 e6 3. d4 cxd4 4. Nxd4 Nc6 5. Nc3 Qc7 6. g3 a6 7. Bg2 b5 8.
O-O Bb7 9. Re1 d6 10. Nd5 Qd8 11. Nxc6 Bxc6 12. a4 bxa4 13. Qd4 Nf6 14. Bg5
Be7 15. Nxe7 Qxe7 16. e5 Bxg2 17. exf6 Qb7 18. fxg7 Rg8 19. Qf6 Bh3 20. f3
Qa7+ 21. Re3 Kd7 22. Rxa4 Qc5 23. Ra3 Qa7 24. Qe7+ Kc6 25. Rc3+ Kb5 26.
Qxd6 1-0

[Event "World Blitz 2023"]
[Site "Samarkand UZB"]
[Date "2023.12.30"]
[Round "19.28"]
[White "Cheparinov, Ivan"]
[Black "Kosakowski, Jakub"]
[Result "1/2-1/2"]
[WhiteElo "2613"]
[BlackElo "2485"]
[EventDate "2023.12.29"]

1. e4 c5 2. Nf3 e6 3. c3 d5 4. exd5 Qxd5 5. d4 Nf6 6. Na3 a6 7. Nc4 Nbd7 8.
Be2 b5 9. Na5 Qd6 10. a4 Qc7 11. dxc5 Qxa5 12. b4 Qc7 13. axb5 Nxc5 14.
bxc5 Bxc5 15. bxa6 O-O 16. O-O Ne4 17. Bd3 Nxf2 18. Rxf2 Bxf2+ 19. Kxf2
Qxc3 20. Be3 Rd8 21. Bxh7+ Kxh7 22. Qxd8 Qxa1 23. Qh4+ Kg8 24. Qd8+ Kh7
1/2-1/2

[Event "World Blitz 2023"]
[Site "Samarkand UZB"]
[Date "2023.12.30"]
[Round "19.31"]
[White "Chigaev, Maksim"]
[Black "Gokerkan, Cem Kaan"]
[Result "1-0"]
[WhiteElo "2561"]
[BlackElo "2365"]
[EventDate "2023.12.29"]

1. d4 Nf6 2. c4 g6 3. Nc3 Bg7 4. e4 d6 5. Nf3 O-O 6. Be2 e5 7. O-O exd4 8.
Nxd4 Re8 9. f3 Nc6 10. Nc2 Nh5 11. Nd5 Be6 12. Rf2 a6 13. a4 a5 14. Ra3 Nb8
15. f4 Nf6 16. Nxf6+ Bxf6 17. f5 Bd7 18. Raf3 g5 19. h4 gxh4 20. Rf4 Nc6
21. Ne3 Kh8 22. Nd5 Be5 23. Bh5 Rf8 24. Rg4 Ne7 25. Nf4 Rg8 26. Bxf7 Rxg4
27. Qxg4 Qf8 28. Be6 Bc6 29. Qxh4 Bd4 30. b3 Bxe4 31. Kh2 Qf6 32. Qxf6+
Bxf6 33. g4 Bd4 34. Kh3 Bxf2 35. Bb2+ 1-0

[Event "World Blitz 2023"]
[Site "Samarkand UZB"]
[Date "2023.12.30"]
[Round "19.32"]
[White "Karthik, Venkataraman"]
[Black "Khismatullin, Denis"]
[Result "1-0"]
[WhiteElo "2440"]
[BlackElo "2552"]
[EventDate "2023.12.29"]

1. e4 d6 2. d4 Nf6 3. Nc3 e5 4. Nf3 Nbd7 5. a4 Be7 6. a5 c6 7. Be2 O-O 8.
O-O Re8 9. Re1 Qc7 10. Bf1 Bf8 11. b3 exd4 12. Nxd4 Ne5 13. h3 Bd7 14. Bg5
Be7 15. Qd2 Rad8 16. Kh1 h6 17. Bf4 Bf8 18. Bh2 b5 19. axb6 axb6 20. f4 Ng6
21. Qf2 b5 22. Bd3 b4 23. Nb1 c5 24. Nf3 Bc6 25. Nbd2 Qb7 26. Ba6 Qd7 27.
Bd3 Qb7 28. Ba6 Qc7 29. Bd3 Nh5 30. Nh4 Nxh4 31. Qxh4 g6 32. e5 dxe5 33. f5
Rd4 34. Ne4 Bg7 35. fxg6 fxg6 36. Qg4 Qf7 37. Bc4 Bd5 38. Bxd5 Rxd5 39. Ra6
Nf4 40. Nd6 Rxd6 41. Rxd6 g5 42. Qd7 Re7 43. Qc8+ Kh7 44. Qxc5 e4 45. Qc4
Qxc4 46. bxc4 e3 47. Bxf4 gxf4 48. Re2 Rc7 49. Rd5 Rxc4 50. Rf5 Kg6 51. g4
Bf6 52. Kg2 Rd4 53. Kf3 Bg5 54. h4 Bxh4 55. Rxf4 Rd6 56. Rxb4 Bg5 57. Rb5
Rf6+ 58. Rf5 Rc6 59. Rf8 Rc4 60. Rg8+ Kf7 61. Ra8 Rf4+ 62. Kg3 Rd4 63. Rc8
Ke6 64. Rc6+ Kd5 65. Rc3 Ke4 66. Rc8 Bf4+ 67. Kg2 Bg5 68. Re8+ Kf4 69.
R8xe3 Kxg4 70. Re4+ Rxe4 71. Rxe4+ Kf5 72. Kf3 1-0

[Event "World Blitz 2023"]
[Site "Samarkand UZB"]
[Date "2023.12.30"]
[Round "19.33"]
[White "Abdurakhmonov, Mukhammadali"]
[Black "Ivic, Velimir"]
[Result "1/2-1/2"]
[WhiteElo "2214"]
[BlackElo "2542"]
[EventDate "2023.12.29"]

1. d4 Nf6 2. Bg5 d5 3. e3 c5 4. Bxf6 gxf6 5. dxc5 Nc6 6. Nf3 e6 7. Be2 Bxc5
8. O-O f5 9. c4 d4 10. b4 Bxb4 11. exd4 O-O 12. a3 Be7 13. Ra2 Bf6 14. Rd2
Ne7 15. Re1 Ng6 16. Bf1 Bd7 17. g3 Qa5 18. h4 Bc6 19. h5 Ne7 20. Ne5 Rad8
21. Bg2 Bxg2 22. Kxg2 Nc6 23. Nf3 Nxd4 24. Nxd4 Rxd4 25. Rxd4 Bxd4 26. h6
Rd8 27. Qe2 Bf6 28. Rd1 Kf8 29. Rxd8+ Qxd8 30. Nd2 Bg5 31. Nf3 Bxh6 32. Qb2
Kg8 33. Qxb7 Qb6 34. Qd7 Qc5 35. Qd3 Bf8 36. a4 Be7 37. Qd7 Bf6 38. Qb5
Qxb5 39. cxb5 Bc3 40. Kf1 Kf8 41. Ke2 Ke7 42. Kd3 Ba5 43. Ne5 Bb6 44. f3 f6
45. Nc6+ Kd7 46. a5 Bg1 47. g4 fxg4 48. fxg4 f5 49. gxf5 exf5 50. Ke2 Kd6
51. Kf3 a6 52. bxa6 Kxc6 53. Kf4 Kb5 54. Kxf5 Kxa6 55. Kg4 1/2-1/2

[Event "World Blitz 2023"]
[Site "Samarkand UZB"]
[Date "2023.12.30"]
[Round "19.34"]
[White "Haldorsen, Benjamin"]
[Black "Grigoriants, Sergey"]
[Result "1-0"]
[WhiteElo "2405"]
[BlackElo "2532"]
[EventDate "2023.12.29"]

1. e4 e5 2. Nf3 Nc6 3. d4 exd4 4. Nxd4 Nf6 5. Nxc6 bxc6 6. Nd2 d5 7. exd5
cxd5 8. Bb5+ Bd7 9. Bxd7+ Qxd7 10. O-O Be7 11. b3 O-O 12. Bb2 Rfe8 13. Re1
a5 14. a4 Qf5 15. Nf3 Ne4 16. Qd3 Bc5 17. Re2 c6 18. Bd4 Bxd4 19. Nxd4 Qf6
20. Rae1 Re5 21. f3 c5 22. Nb5 c4 23. Qd4 Qd8 1-0

[Event "World Blitz 2023"]
[Site "Samarkand UZB"]
[Date "2023.12.30"]
[Round "19.35"]
[White "Tari, Aryan"]
[Black "Nigmatov, Ortik"]
[Result "1-0"]
[WhiteElo "2577"]
[BlackElo "2382"]
[EventDate "2023.12.29"]

1. e4 c5 2. Nf3 e6 3. d4 cxd4 4. Nxd4 Nf6 5. Bd3 Nc6 6. Nxc6 dxc6 7. Nd2 e5
8. Nc4 Qc7 9. a4 Be6 10. O-O Nxe4 11. Re1 Nc5 12. Bf1 e4 13. Be3 Nd7 14.
Bd4 Rd8 15. Qh5 Qf4 16. Ne3 Nf6 17. Bxf6 Qxf6 18. Bc4 g6 19. Qa5 a6 20. Qb6
Rd7 21. Rad1 Bd6 22. Bxe6 Qxe6 23. b3 O-O 24. Nc4 Bc7 25. Qe3 Rxd1 26. Rxd1
f5 27. Qa7 Qe7 28. g3 f4 29. Qxb7 fxg3 30. hxg3 Rxf2 31. Qxc6 e3 32. Rd7
Rf1+ 33. Kxf1 e2+ 34. Kg2 e1=Q 35. Rxe7 Qxe7 36. Qd5+ Kg7 37. Qd4+ Kg8 38.
Ne3 Be5 39. Qd5+ Qf7 40. Qxe5 1-0

[Event "World Blitz 2023"]
[Site "Samarkand UZB"]
[Date "2023.12.30"]
[Round "19.36"]
[White "Asadli, Vugar"]
[Black "Xu, Xiangyu"]
[Result "0-1"]
[WhiteElo "2584"]
[BlackElo "2491"]
[EventDate "2023.12.29"]

1. e4 c5 2. Nc3 e6 3. Nf3 Nc6 4. d4 cxd4 5. Nxd4 Nf6 6. a3 Be7 7. Nxc6 bxc6
8. e5 Nd5 9. Qg4 O-O 10. Bh6 g6 11. Bxf8 Bxf8 12. Nxd5 exd5 13. Qg3 Rb8 14.
b4 d6 15. f4 dxe5 16. fxe5 Bg7 17. Bd3 Qc7 18. Rd1 Bxe5 19. Qf3 Qb6 20. c4
Bd4 21. h4 h5 22. Qf4 Bg4 23. c5 Bxc5 24. bxc5 Re8+ 25. Kf1 Qb3 26. Rd2 Qc3
27. Kf2 Re6 28. Kg3 Rf6 29. Qe3 Re6 30. Qf4 Rf6 31. Qe3 Re6 32. Qf4 Re4 33.
Qg5 0-1

[Event "World Blitz 2023"]
[Site "Samarkand UZB"]
[Date "2023.12.30"]
[Round "19.37"]
[White "Chanda, Sandipan"]
[Black "Henriquez Villagra, Cristobal"]
[Result "0-1"]
[WhiteElo "2490"]
[BlackElo "2568"]
[EventDate "2023.12.29"]

1. d4 Nf6 2. c4 g6 3. Nc3 Bg7 4. e4 d6 5. Be2 O-O 6. Bg5 Nbd7 7. Nf3 e5 8.
O-O h6 9. Be3 exd4 10. Nxd4 Re8 11. Qc2 Nc5 12. f3 a5 13. Rad1 Bd7 14. Kh1
a4 15. Ndb5 b6 16. b4 axb3 17. axb3 Bc6 18. Bd4 Qe7 19. Rfe1 Ne6 20. Bg1
Nh5 21. g3 Qd7 22. Bf2 Rf8 23. Nd4 Nxd4 24. Bxd4 Nxg3+ 25. hxg3 Qh3+ 26.
Kg1 Qxg3+ 27. Kh1 Bxd4 0-1

[Event "World Blitz 2023"]
[Site "Samarkand UZB"]
[Date "2023.12.30"]
[Round "19.38"]
[White "Zhalmakhanov, Ramazan"]
[Black "Pranav, V"]
[Result "0-1"]
[WhiteElo "2427"]
[BlackElo "2562"]
[EventDate "2023.12.29"]

1. e4 e5 2. Nf3 Nc6 3. Bb5 a6 4. Ba4 Nf6 5. O-O b5 6. Bb3 Bc5 7. c3 d6 8.
d4 Bb6 9. a4 Bg4 10. Bg5 Rb8 11. axb5 axb5 12. Bd5 Ne7 13. Bxf6 gxf6 14.
Bb3 Ng6 15. h3 Bd7 16. Kh2 Nf4 17. Nbd2 Rg8 18. Rg1 Qc8 19. Qf1 Rg6 20. Nh4
Rh6 21. Ndf3 exd4 22. Qc1 Rxh4 23. Nxh4 Ng6 24. Qh6 Be6 25. Bxe6 Qxe6 26.
Nf5 Kd7 27. Nxd4 Qxe4 28. Qxh7 Qf4+ 29. Kh1 Ne5 30. Rgf1 Bxd4 31. cxd4 Qxd4
32. Qf5+ Kc6 33. Qxf6 Rg8 34. Rfc1+ Kb6 35. Qe7 Nc4 36. b3 Qxf2 37. Rg1 Ne3
38. Qe4 Nf5 39. Ra6+ Kxa6 40. Qc6+ Ka5 41. Ra1+ Kb4 42. Qe4+ Nd4 43. Rc1 c5
44. Qd5 Qd2 45. Ra1 Nxb3 46. Qe4+ Qd4 0-1

[Event "World Blitz 2023"]
[Site "Samarkand UZB"]
[Date "2023.12.30"]
[Round "19.39"]
[White "Jumabayev, Rinat"]
[Black "Garayev, Kanan"]
[Result "0-1"]
[WhiteElo "2561"]
[BlackElo "2260"]
[EventDate "2023.12.29"]

1. Nf3 d5 2. g3 c5 3. Bg2 Nc6 4. O-O g6 5. d4 cxd4 6. Nxd4 Bg7 7. Nxc6 bxc6
8. c4 Nf6 9. Nc3 O-O 10. cxd5 cxd5 11. Nxd5 Nxd5 12. Qxd5 Qxd5 13. Bxd5 Rb8
14. Be3 Rxb2 15. Bxa7 Bb7 16. Bb3 Ra8 17. Rad1 Rxa7 18. Rd8+ Bf8 19. Rd7
Rxe2 20. Rc1 e6 21. h4 Ba3 22. Rf1 Bc5 0-1

[Event "World Blitz 2023"]
[Site "Samarkand UZB"]
[Date "2023.12.30"]
[Round "19.40"]
[White "Ruck, Robert"]
[Black "Bilguun, Sumiya"]
[Result "1-0"]
[WhiteElo "2561"]
[BlackElo "2407"]
[EventDate "2023.12.29"]

1. Nf3 c5 2. c4 g6 3. e4 Nc6 4. d4 cxd4 5. Nxd4 Nf6 6. Nc3 d6 7. Be2 Nxd4
8. Qxd4 Bg7 9. Be3 O-O 10. Qd2 a5 11. O-O a4 12. Bd4 Be6 13. f4 Qa5 14.
Rad1 Rfc8 15. b3 axb3 16. axb3 b5 17. f5 Bd7 18. cxb5 Qa3 19. Bc4 Rf8 20.
Kh1 Ng4 21. Nd5 e5 22. Bc3 Qa2 23. Nb6 Qxd2 24. Rxd2 Rad8 25. Rxd6 Bxb5 26.
Rxd8 Rxd8 27. Bxb5 Rb8 28. Ba5 Bf8 29. Bc4 Rb7 30. fxg6 hxg6 31. Nd5 Bc5
32. h3 Nf2+ 33. Kh2 Nxe4 34. Re1 Nd6 35. Rxe5 Nxc4 36. Re8+ Kg7 37. bxc4
Bd6+ 38. Kg1 Rb1+ 39. Re1 Rb3 40. Bc3+ Kf8 41. Bf6 Bc5+ 42. Kh2 Rd3 43.
Be7+ Bxe7 44. Nxe7 Rc3 45. Re4 f5 46. Re1 Kf7 47. Nd5 Rxc4 48. Re7+ Kf8 49.
Ra7 Rd4 50. Nc3 Rd2 51. Nb5 f4 52. Kg1 Rd1+ 53. Kf2 Rd2+ 54. Kf3 Rd5 55.
Nc7 Rd2 56. Ne6+ Kg8 57. Nxf4 Rd6 58. Kg4 Rb6 59. Kg5 Rc6 60. Nxg6 Rc5+ 61.
Ne5 Rxe5+ 62. Kh4 Re3 63. Kg4 Re4+ 64. Kf3 Rh4 65. Rb7 Kh8 66. Kg3 Rc4 67.
h4 Rc3+ 68. Kh2 Rc4 69. Kh3 Rc3+ 70. g3 Rc4 71. h5 Rd4 72. g4 Rd5 73. Kh4
Rd1 74. h6 Rd5 75. g5 Rd6 76. Kh5 Kg8 77. Rb8+ Kh7 78. g6+ Rxg6 79. Rb7+
Rg7 80. Rxg7+ Kh8 81. Ra7 1-0

[Event "World Blitz 2023"]
[Site "Samarkand UZB"]
[Date "2023.12.30"]
[Round "19.41"]
[White "Agmanov, Zhandos"]
[Black "Demchenko, Anton"]
[Result "1-0"]
[WhiteElo "2407"]
[BlackElo "2545"]
[EventDate "2023.12.29"]

1. e4 e5 2. Nf3 Nc6 3. Bb5 a6 4. Ba4 Nge7 5. c3 Ng6 6. d4 exd4 7. Nxd4 Be7
8. O-O O-O 9. Be3 b5 10. Bc2 Bb7 11. f4 Nxd4 12. cxd4 f5 13. e5 d6 14. Nc3
c5 15. exd6 Bxd6 16. dxc5 Qe7 17. Nd5 Bxd5 18. Qxd5+ Kh8 19. Rae1 Bc7 20.
Bd4 Qd8 21. Qxd8 Raxd8 22. Be3 Ne7 23. g3 Nc6 24. Rd1 g6 25. Bb3 Rfe8 26.
Kf2 Kg7 27. Rxd8 Rxd8 28. Rd1 Kf8 29. Rxd8+ Bxd8 30. Bd5 Nb4 31. Bb7 a5 32.
c6 Bc7 33. Ke2 Nxa2 34. Ba6 Ke7 35. Bc5+ Ke6 36. Bxb5 Kd5 37. Bf8 Nb4 38.
Ba4 Nxc6 39. Bb3+ Kd4 40. Bg7+ Kc5 41. Bg8 Kd6 42. Bxh7 Ne7 43. Bf8 Ke6 44.
Bxe7 Kxe7 45. Bxg6 Ke6 46. Be8 Bb6 47. Kf3 Bd4 48. b3 Bg7 49. h3 Bf6 50. g4
fxg4+ 51. hxg4 Ke7 52. Bb5 Bc3 53. g5 Bd2 54. Kg4 Ke6 55. Bc4+ Kd6 56. Kf5
Bc1 57. Kg4 Bd2 58. f5 Ke5 59. Bd3 Bc1 60. Kh5 Kf4 61. f6 Ke5 62. Kg6 Kd6
63. f7 Ke7 64. Kg7 1-0

[Event "World Blitz 2023"]
[Site "Samarkand UZB"]
[Date "2023.12.30"]
[Round "19.42"]
[White "Orozbaev, Eldiar"]
[Black "Zeng, Chongsheng"]
[Result "1-0"]
[WhiteElo "2236"]
[BlackElo "2504"]
[EventDate "2023.12.29"]

1. e4 c6 2. d4 d5 3. f3 dxe4 4. fxe4 e5 5. Nf3 exd4 6. Bc4 Nf6 7. O-O b5 8.
Bb3 c5 9. e5 Nd5 10. Ng5 Be6 11. Rxf7 Bxf7 12. Nxf7 Kxf7 13. Qf3+ Ke6 14.
Qg4+ Kxe5 15. Na3 Ne3 16. Qg3+ Ke4 17. Bxe3 dxe3 18. Qf3+ Ke5 19. Qxe3+ Kf6
20. Rf1+ Kg6 21. Bf7# 1-0

[Event "World Blitz 2023"]
[Site "Samarkand UZB"]
[Date "2023.12.30"]
[Round "19.43"]
[White "Khusnutdinov, Rustam"]
[Black "Gurel, Ediz"]
[Result "0-1"]
[WhiteElo "2499"]
[BlackElo "2359"]
[EventDate "2023.12.29"]

1. Nc3 c5 2. Nf3 d5 3. d4 Nf6 4. Bg5 cxd4 5. Bxf6 gxf6 6. Qxd4 e6 7. e4 Nc6
8. Bb5 Bd7 9. Bxc6 bxc6 10. Qd3 Rb8 11. Rb1 Bd6 12. O-O O-O 13. Rfd1 Kh8
14. Ne2 Rb4 15. Nd2 Qc7 16. g3 Qb6 17. b3 Rd8 18. c3 Rb5 0-1

[Event "World Blitz 2023"]
[Site "Samarkand UZB"]
[Date "2023.12.30"]
[Round "19.44"]
[White "Xiu, Deshun"]
[Black "Grebnev, Aleksey"]
[Result "0-1"]
[WhiteElo "2493"]
[BlackElo "2404"]
[EventDate "2023.12.29"]

1. Nf3 c5 2. c4 Nc6 3. d4 cxd4 4. Nxd4 Nf6 5. Nc3 g6 6. e4 d6 7. Be2 Nxd4
8. Qxd4 Bg7 9. Be3 O-O 10. Qd2 a5 11. f3 a4 12. Rc1 Qa5 13. Nb5 Qxd2+ 14.
Kxd2 Be6 15. Nc7 Rac8 16. Nxe6 fxe6 17. b4 axb3 18. axb3 Nd7 19. Rc2 Ra8
20. Rb1 Ra3 21. f4 Nc5 22. Bxc5 dxc5 23. g3 e5 24. f5 gxf5 25. exf5 Rxf5
26. Ke1 e4 27. Bg4 Rf8 28. Be6+ Kh8 29. Bd5 e3 30. Bxb7 Rb8 31. Bd5 Rbxb3
32. Rxb3 Rxb3 0-1